Countries of Africa - One Minute Sprint (easier) - Statistics

General Stats
  • This quiz has been taken 1,025 times
  • The average score is 35 of 48
Answers on the Map
Answers color-coded by a green-red scale on the quiz's map according to % correct below.
 
Answer Stats
Answer % Correct
Egypt
97%
Algeria
91%
Libya
90%
Morocco
90%
Niger
90%
Nigeria
87%
Sudan
87%
Democratic Republic of The Congo
86%
Ethiopia
85%
Chad
84%
Republic of The Congo
83%
Somalia
83%
South Sudan
82%
Kenya
80%
Mali
80%
Tunisia
80%
Eritrea
78%
South Africa
78%
Cameroon
77%
Ghana
77%
Central African Republic
76%
Benin
75%
Angola
74%
Guinea
72%
Djibouti
70%
Mauritania
70%
Namibia
70%
Tanzania
69%
Togo
69%
Zambia
69%
Gabon
67%
Lesotho
67%
Liberia
67%
Senegal
67%
Uganda
67%
Gambia
66%
Burundi
65%
Botswana
64%
Malawi
64%
Mozambique
63%
Rwanda
63%
Zimbabwe
62%
Eswatini
61%
Guinea Bissau
61%
Burkina Faso
60%
Ivory Coast
59%
Sierra Leone
54%
Equatorial Guinea
52%
No matching quizzes found
Score Distribution
Percent of People with Each Score
Percentile by Number Answered
Your Score History
You have not taken this quiz